000
00257nam a2200109Ia 4500
008
220204s9999 xx 000 0 und d
082
_a
327
_b
FRA
100
_a
Frazier, H
245
0
_a
Uncloaking the CIA
260
_a
New York
_b
Free Press
_c
1978
942
_c
BK
999
_c
33287
_d
33287